000 00413cam a22001217a 4500
008 180718b1988 xxu||||| |||| 00| 0 eng d
082 _aA81x54 In2/81/11/Pt 10 C/2
100 _aCensus of India 1981
245 _aMadhya Pradesh: survey on village, Dikhatpura
260 _aDelhi
_bThe Controller of Publications
_c1988
300 _a611+p.
440 _aCensus of India 1981. Series-11, Madhya Pradesh. Part X-C (ii)
999 _c483026
_d483026